| 000 | 00898cam a2200277 a 4500 | ||
|---|---|---|---|
| 001 | 36345 | ||
| 003 | BD-RjUL | ||
| 005 | 20211209052455.0 | ||
| 008 | 140622s1970 ctu b 000 0 eng d | ||
| 020 | _a0300014317 | ||
| 020 | _a0300014473 (pbk) | ||
| 035 | _a(BD-RjUL)36442 | ||
| 040 |
_aDLC _cDLC _dm.c _dBD-RjUL _beng |
||
| 041 | _aeng | ||
| 082 | 0 | 4 |
_a321.8 _bDAA 1972 |
| 100 | 1 |
_aDahl, Robert A., _d1915-2014. _9109526 |
|
| 245 | 1 | 0 |
_aAfter the revolution? : _bauthority in a good society / _cRobert A. Dahl. |
| 260 |
_aNew Haven ; _aLondon : _bYale University Press, _c1970 [reprint 1972] |
||
| 300 |
_a171 p. ; _c22 cm. |
||
| 504 | _aIncludes bibliographical references. | ||
| 650 | 0 |
_aDemocracy. _9110608 |
|
| 651 | 0 |
_aUnited States _xSocial conditions _y1960-1980. _96749 |
|
| 651 | 0 |
_aUnited States _xPolitics and government _y1945-1989. _9110609 |
|
| 942 |
_2ddc _cBK |
||
| 999 |
_c36345 _d36345 |
||